Crops that use the most water to grow - Statistics

General Stats
  • This quiz has been taken 26 times
    18 since last reset
  • The average score is 13 of 25
Answer Stats
Hint Answer % Correct
W wheat
93%
A apple
86%
O orange
86%
R rice
86%
C corn
79%
P potato
79%
B banana
71%
S sugar
71%
G grape
64%
O oat
64%
T tomato
64%
A almond
57%
B barley
50%
C cotton
50%
P peanut
50%
P pineapple
50%
S soy
50%
P papaya
43%
P pecan
29%
A alfalfa
21%
P pistachio
21%
S sunflower
21%
A avacado
14%
C canola
14%
C cassava
14%
No matching quizzes found
Score Distribution
Percent of People with Each Score
Percentile by Number Answered
Your Score History
You have not taken this quiz since the last reset